| 000 | 00670nam a2200181 a 4500 | ||
|---|---|---|---|
| 008 | 101115s2001 ||||||||||||||||| || u | ||
| 020 | _a0750609133 | ||
| 050 | _aNA 2750 Sta | ||
| 100 | _aStacey, Michael | ||
| 245 | 1 | 0 |
_aComponent design _cby Michael Stacey |
| 260 |
_aOxford _bArchitectural Press _c2001 |
||
| 300 | _a[iv], 208p.: ill. | ||
| 350 | _a0.00 | ||
| 650 | _aARCHITECTURAL DESIGN--EVALUATION | ||
| 650 | 0 | _aARCHITECTS--UNITED STATES--REGISTERS | |
| 650 | _aBUILDINGS, PREFABRICATED | ||
| 995 |
_D0.00 _FCBU-MAIN LIBRARY (Kitwe) _H1 _I0.00 _M1 _UAVAILABLE _WDec 2, 2010 _ZMain Library Open Access Collection |
||
| 999 |
_c38167 _d38167 |
||